Indovina i calciatori in base al loro percorsi di carriera #3 - Statistics

Statistiche generali
  • Questo quiz è stato fatto 481 volte
  • Il punteggio medio è 6 su 10
Statistiche sulle risposte
Giocatori Club % Corretto
Neymar
94%
Gianluigi Buffon
84%
Robert Lewandowski
81%
Andrés Iniesta
78%
Pelé
74%
Alessandro Nesta
70%
Sergio Aguero
61%
Frank Lampard
36%
Edwin van der Sar
32%
Roy Keane
20%
Nessun quiz corrispondente trovato
Distribuzione punteggi
Percentuale di utenti per punteggio
Percentile per numero di risposta
I tuoi punteggi nel tempo
Non hai fatto questo quiz